Decentralizácia a efektívnosť verejnej správy v podmienkach regiónov Európskej únie II. ročník. Teória a prax verejnej politiky v SR zborník z medzinárodnej vedeckej konferencie v Banskej Bystrici 4. - 5. 10. 2010

Salvato in:
Dettagli Bibliografici
Ente Autore: Decentralizácia a efektívnosť verejnej správy v podmienkach regiónov Európskej únie. Teória a prax verejnej politiky v SR. Medzinárodná vedecká konferencia
Altri autori: Králik, Ján, Kováčová, Eleonóra, Mohelská, Hana, Litterová, Martina, Briška, František, Klus, Martin, Krnáč, Patrik
Natura: Libro
Lingua:slovacco
ceco
Pubblicazione: Banská Bystrica Fakulta politických vied a medzinárodných vzťahov UMB 2010
Soggetti:
Tags: Aggiungi Tag
Nessun Tag, puoi essere il primo ad aggiungerne!!

MARC

LEADER 00000nlm$a2200000$$$4500
001 0132426
005 20220909083558.1
020 |a 978-80-557-0088-5 
041 0 |a slo 
041 0 |a cze 
044 |a SK 
245 1 0 |a Decentralizácia a efektívnosť verejnej správy v podmienkach regiónov Európskej únie II. ročník. Teória a prax verejnej politiky v SR  |b zborník z medzinárodnej vedeckej konferencie v Banskej Bystrici 4. - 5. 10. 2010  |c zostavovatelia: Ján Králik, Eleonóra Kováčová, Hana Mohelská, Martina Litterová, František Briška, Martin Klus, Patrik Krnáč 
264 1 |a Banská Bystrica  |b Fakulta politických vied a medzinárodných vzťahov UMB  |c 2010 
300 |a CD-ROM [478 s.] 
610 2 0 |a správa verejná 
610 2 0 |a sektor verejný 
610 2 0 |a politika verejná 
610 2 0 |a Európska únia 
700 1 |a Králik, Ján 
700 1 |a Kováčová, Eleonóra 
700 1 |a Mohelská, Hana 
700 1 |a Litterová, Martina 
700 1 |a Briška, František 
700 1 |a Klus, Martin 
700 1 |a Krnáč, Patrik 
110 2 |a Decentralizácia a efektívnosť verejnej správy v podmienkach regiónov Európskej únie. Teória a prax verejnej politiky v SR. Medzinárodná vedecká konferencia